00861nam a2200241 i 4500001000300000003000400003005001700007008004100024015001800065020001500083040001400098041000800112080001700120080001600137100003700153245007800190250006600268260006700334300004000401650004800441650003200489856009800521bgBPK20210825145543.0040521s2004 pl a |000 0 pol  aPB 2004/10017 a8389144212 aWA NcBPK0 apol a349.442(438) a69:006.3/.81 aKorzeniewski, WładysławeAutor10aObliczanie powierzchni i kubatury budynków /cWładysław Korzeniewski. aWyd. 2 zm. i uzup., stan prawny na dzień 1 stycznia 2004 r. aWarszawa :bCentralny Ośrodek Informacji Budownictwa,c2004. a121, [1] s. :brys., tab. ;c21 cm. 4aBudownictwoxpomiaryxnormalizacjazPolska. 4aBudownictwoxprawozPolska. uhttp://koha.tu.koszalin.pl/cgi-bin/koha/opac-detail.pl?biblionumber=46936yKatalog online BPK